Trade, food, diet, and health : (Record no. 128791)
[ view plain ]
| 000 -LEADER | |
|---|---|
| fixed length control field | 00820cam a2200229 a 4500 |
| 001 - CONTROL NUMBER | |
| control field | vtls003156415 |
| 003 - CONTROL NUMBER IDENTIFIER | |
| control field | MY-SjTCS |
| 005 - DATE AND TIME OF LATEST TRANSACTION | |
| control field | 20200226114219.0 |
| 008 - FIXED-LENGTH DATA ELEMENTS--GENERAL INFORMATION | |
| fixed length control field | 110218s2010 enka 001 0 eng |
| 020 ## - INTERNATIONAL STANDARD BOOK NUMBER | |
| International Standard Book Number | 9781405199865 (hbk.) |
| 039 #9 - LEVEL OF BIBLIOGRAPHIC CONTROL AND CODING DETAIL [OBSOLETE] | |
| Level of rules in bibliographic description | 201102181726 |
| Level of effort used to assign nonsubject heading access points | VLOAD |
| Level of effort used to assign subject headings | 201006211129 |
| Level of effort used to assign classification | siew_eng |
| Level of effort used to assign subject headings | 201006181554 |
| Level of effort used to assign classification | wilmina |
| -- | 201005311630 |
| -- | malathy |
| 082 00 - DEWEY DECIMAL CLASSIFICATION NUMBER | |
| Classification number | 363.8 |
| Item number | TRA 2010 |
| 245 00 - TITLE STATEMENT | |
| Title | Trade, food, diet, and health : |
| Remainder of title | perspectives and policy options / |
| Statement of responsibility, etc. | edited by Corinna Hawkes ... [et al.]. |
| 260 ## - PUBLICATION, DISTRIBUTION, ETC. | |
| Place of publication, distribution, etc. | Chichester : |
| Name of publisher, distributor, etc. | Wiley-Blackwell, |
| Date of publication, distribution, etc. | c2010. |
| 300 ## - PHYSICAL DESCRIPTION | |
| Extent | xv, 318 p. : |
| Other physical details | ill. ; |
| Dimensions | 26 cm. |
| 504 ## - BIBLIOGRAPHY, ETC. NOTE | |
| Bibliography, etc. note | Includes bibliographical references and index. |
| 650 #0 - SUBJECT ADDED ENTRY--TOPICAL TERM | |
| Topical term or geographic name entry element | Nutrition policy. |
| 650 #0 - SUBJECT ADDED ENTRY--TOPICAL TERM | |
| Topical term or geographic name entry element | Food industry and trade. |
| 650 #0 - SUBJECT ADDED ENTRY--TOPICAL TERM | |
| Topical term or geographic name entry element | Food supply. |
| 700 1# - ADDED ENTRY--PERSONAL NAME | |
| Personal name | Hawkes, Corinna. |
| 9 (RLIN) | 38050 |
| 920 ## - Programme | |
| Programme | BMS : 143888 |
| Withdrawn status | Lost status | Source of classification or shelving scheme | Damaged status | Not for loan | Home library | Current library | Date acquired | Cost, normal purchase price | Total Checkouts | Barcode | Date last seen | Date last checked out | Uniform Resource Identifier | Cost, replacement price | Koha item type | Public note |
|---|---|---|---|---|---|---|---|---|---|---|---|---|---|---|---|---|
| Dewey Decimal Classification | Taylor's Library-TU | Taylor's Library-TU | 18/06/2010 | 303.42 | 3 | 5000098537 | 05/12/2019 | 15/09/2015 | Floor 4, Shelf 10 , Side 2, TierNo 5, BayNo 1 | 303.42 | Main Collection | SBSxx,36000,03,GR |